000 00889nam a2200205Ii 4500
003 JO-AjNU
008 230605s9999||||xx |||||||||||||| ||und||
040 _aJO-AjNU
_bara
_erda
_cJO-AjNU
041 _aara
050 1 4 _aHF 5655 .A6.K4 1982
100 3 _aعبدالله، خالد امين، م.مشارك: فوزي عبدالرحيم غرايبة، نعيم حسني دهمش,
_eauthor
_945778
245 0 0 _aالمحاسبة للمديرين: المحاسبة لغير المحاسبين
250 _aط1
264 3 1 _aعمان: دار العدوي للطباعة والنشر والتوزيع ، 1982
300 _a184ص
_bيحتوي على ملاحق من ص 163-179ص،يحتوي على ببلوغرافية من ص180-184 ص
336 _atext
_btxt
_2rdacontent
337 _aunmediated
_bn
_2rdamedia
338 _avolume
_bnc
_2rdacarrier
650 4 _aالمحاسبة
_945779
999 _aA19868
_c23436
_d23436